00987nam a22002537a 4500999001500000003000900015008004100024020001800065040007100083082001500154100002500169245003300194260004600227300006200273505012400335650002500459650002200484650002300506650003000529700005500559942001600614945000800630952009500638 c8374d8374AR-CdUCM190325b ||||| |||| 00| 0 spa d a84-7290-022-3 aMUNICIPALIDAD PROVINCIAL DEL CUSCOcBIBLIOTECA MUNICIPAL DEL CUSCO a301 /bH22 aHardesty, Donald L.  aAntropología Ecológica / aEspaña :bEdiciones Bellaterra ;c1977. a295 páginas ;bTablas, fórmulas, ilustraciones c22cm aContenido: Sistemas ecológicos -- Ecología de as poblaciones humanas -- Ernoecología -- Paleoecología humana... aAdaptación 923511 aEvolución97012 aPoblación 93673 aNicho ecológico 923512 aAiguabella García, Rafael (traducción) 923513 2ddccLIBROS anom 002ddc4070aSHbSHcCARTd2019-03-25g40.00o301 / H22pSH0000008963r2019-03-25yLIBROS